| 000 | 00585nam a2200157Ia 4500 | ||
|---|---|---|---|
| 008 | 260210s9999 xx 000 0 und d | ||
| 024 | _a18B-040-CS, 18B-052-CS, 18B-118-CS & 18B-034-CS | ||
| 082 | _a004.072 KHU | ||
| 100 | _aMuhammad Khurram, Yasir Khan, M Rohaib Khan, Arsal Tariq | ||
| 110 | _aMiss Naveen Zehra | ||
| 245 | 4 | _aThe Insights-A toolbox | |
| 260 |
_aKarachi: _bUITU, _c2018 |
||
| 600 | _aComputer Science | ||
| 650 | _aBachelor of Engineering (BE) | ||
| 856 |
_uhttps://drive.google.com/file/d/15m__dy0mei_GtCF7PHXLI-9Gr7oYWVfA/view?usp=sharing _yClick here for PDF |
||
| 999 |
_c32496 _d32496 |
||